|
|
|
|
| LEADER |
01577nam a2200409 a 4500 |
| 001 |
EBC950444 |
| 003 |
MiAaPQ |
| 005 |
20200520144314.0 |
| 006 |
m o d | |
| 007 |
cr cn||||||||| |
| 008 |
120126s2012 mdu sbd 000 0 eng d |
| 010 |
|
|
|z 2012003173
|
| 020 |
|
|
|z 9780810861961
|
| 020 |
|
|
|a 9780810879881 (electronic bk.)
|
| 035 |
|
|
|a (MiAaPQ)EBC950444
|
| 035 |
|
|
|a (Au-PeEL)EBL950444
|
| 035 |
|
|
|a (CaPaEBR)ebr10573571
|
| 035 |
|
|
|a (CaONFJC)MIL371156
|
| 035 |
|
|
|a (OCoLC)854520103
|
| 040 |
|
|
|a MiAaPQ
|c MiAaPQ
|d MiAaPQ
|
| 050 |
|
4 |
|a HD4839
|b .D58 2012
|
| 082 |
0 |
4 |
|a 331.8803
|2 23
|
| 100 |
1 |
|
|a Docherty, J. C.
|
| 245 |
1 |
0 |
|a Historical dictionary of organized labor
|h [electronic resource] /
|c James C. Docherty, Sjaak van der Velden.
|
| 250 |
|
|
|a 3rd ed.
|
| 260 |
|
|
|a Lanham, Md. :
|b Scarecrow Press,
|c 2012.
|
| 300 |
|
|
|a xlvii, 448 p.
|
| 490 |
1 |
|
|a Historical dictionaries of religions, philosophies, and movements
|
| 504 |
|
|
|a Includes bibliographical references.
|
| 533 |
|
|
|a Electronic reproduction. Ann Arbor, MI : ProQuest, 2015. Available via World Wide Web. Access may be limited to ProQuest affiliated libraries.
|
| 650 |
|
0 |
|a Labor movement
|x History
|v Dictionaries.
|
| 650 |
|
0 |
|a Labor unions
|x History
|v Dictionaries.
|
| 655 |
|
4 |
|a Electronic books.
|
| 700 |
1 |
|
|a Velden, Jacobus Hermanus Antonius van der,
|d 1954-
|
| 710 |
2 |
|
|a ProQuest (Firm)
|
| 830 |
|
0 |
|a Historical dictionaries of religions, philosophies, and movements.
|
| 856 |
4 |
0 |
|u https://ebookcentral.proquest.com/lib/matrademy/detail.action?docID=950444
|z Click to View
|